Bundesliga logos 25/26 - Statistics

General Stats
  • This quiz has been taken 441 times
    144 since last reset
  • The average score is 16 of 18
Answer Stats
Picture Answer % Correct
Bayern Munich
100%
Borussia Dortmund
98%
Bayer Leverkusen
95%
RB Leipzig
94%
Wolfsburg
94%
Köln
92%
Mainz
92%
Eintracht Frankfurt
91%
Hamburg
91%
Stuttgart
91%
Hoffenheim
89%
Union Berlin
88%
Freiburg
83%
St. Pauli
82%
Werder Bremen
82%
Augsburg
81%
Mönchengladbach
80%
Heidenheim
72%
No matching quizzes found
Score Distribution
Percent of People with Each Score
Percentile by Number Answered
Your Score History
You have not taken this quiz since the last reset